书目信息 |
| 题名: |
结构力学概念题解
|
|
| 作者: | 阮澍铭 , 于玲玲 编著 | |
| 分册: | ||
| 出版信息: | 北京 中国建材工业出版社 2004.09 |
|
| 页数: | 151页 | |
| 开本: | 26cm | |
| 丛书名: | ||
| 单 册: | ||
| 中图分类: | O342-44 | |
| 科图分类: | ||
| 主题词: | 结构力学--解题 | |
| 电子资源: | ||
| ISBN: | 7-80159-734-6 | |
| 000 | 00911nam0 2200253 450 | |
| 001 | 0157801171 | |
| 005 | 20050520100728.66 | |
| 010 | @a7-80159-734-6@dCNY 16.00 | |
| 100 | @a20050309d2004 km y0chiy0120 ea | |
| 101 | 0 | @achi |
| 102 | @aCN@b110000 | |
| 105 | @aa aq 000yy | |
| 200 | 1 | @a结构力学概念题解@Ajie gou li xue gai nian ti jie@f阮澍铭, 于玲玲编著@Fruan shu ming,yu ling ling bian zhu |
| 210 | @a北京@c中国建材工业出版社@d2004.09 | |
| 215 | @a151页@c图@d26cm | |
| 320 | @a有书目 (第151页)。 | |
| 330 | @a本书是一部有关结构力学的书籍。全书共9章,内容包括:平面体系的几何组成分析、静定结构的内力计算、影响线、静定结构的内力计算等。 | |
| 333 | @a结构力学学习者、高等院校相关专业师生及普通读者。 | |
| 606 | 0 | @a结构力学@x解题 |
| 690 | @aO342-44@v4 | |
| 701 | 0 | @a阮澍铭@Aruan shu ming@4编著 |
| 701 | 0 | @a于玲玲@Ayu ling ling@4编著 |
| 801 | 0 | @aCN@bQSSK@c20050520 |
| 905 | @a10447@dO342-44@eR884 | |
| 结构力学概念题解/阮澍铭, 于玲玲编著.-北京:中国建材工业出版社,2004.09 |
| 151页:图;26cm |
| 使用对象:结构力学学习者、高等院校相关专业师生及普通读者。 |
| ISBN 7-80159-734-6:CNY 16.00 |
| 本书是一部有关结构力学的书籍。全书共9章,内容包括:平面体系的几何组成分析、静定结构的内力计算、影响线、静定结构的内力计算等。 |
| ● |
| 相关链接 |
|
|
|
正题名:结构力学概念题解
索取号:O342-44/R884
 
预约/预借
| 序号 | 登录号 | 条形码 | 馆藏地/架位号 | 状态 | 备注 |
| 1 | 498133 | 204981332 | 自科库401/401自科库 52排7列1层/ [索取号:O342-44/R884] | 在馆 | |
| 2 | 498134 | 204981341 | 自科二线504/504自科库 50排1列2层/ [索取号:O342-44/R884] | 在馆 | |
| 3 | 498135 | 204981350 | 自科库401/401自科库 83排2列1层/ [索取号:O342-44/R884] | 在馆 |